| Поле | Инд. | ПП | Название | Значение |
|---|---|---|---|---|
| Тип записи | a | |||
| Библиографический уровень | b | |||
| 001 | Контрольный номер | RU/IS/BASE/441380043 | ||
| 005 | Дата корректировки | 20200522191632.6 | ||
| 008 | Кодируемые данные | 20131226 | ||
| 040 | b | Код языка каталог. | rus | |
| e | Правила каталог. | PSBO | ||
| 041 | 0_ | a | Код языка текста | rus |
| 084 | a | Индекс другой классификации/Индекс ББК | 65.291.215 | |
| 100 | 1_ | a | Автор | Уварова Г. |
| 100 | 1_ | a | Автор | Гайдуков А. |
| 100 | 1_ | a | Автор | Рожнев С. |
| 245 | 10 | a | Заглавие | Резервы повышения качества управления |
| 504 | a | Библиография | Библиогр. | |
| 520 | 0_ | a | Аннотация | На основе современной тенденции развития управления рассматривается процесс изменения роли, задач и назначения управления при переходе к новой модели бизнеса и экономики. Предлагается развитие нового качества управления при практической ориентации на клиента, осуществляемое за счет развития технологий обработки оперативной информации и принятия оперативных решений. |
| 650 | 14 | a | Основная рубрика | менеджмент (управление предприятием) |
| a | Основная рубрика | экономика | ||
| a | Основная рубрика | экономика предприятия | ||
| 653 | 1_ | a | Ключевые слова | инновационное управление |
| a | Ключевые слова | информационное обеспечение | ||
| a | Ключевые слова | качество управления | ||
| a | Ключевые слова | клиентоориентированное управление | ||
| a | Ключевые слова | клиентоориентированность | ||
| a | Ключевые слова | конкурентоспособность предприятия | ||
| a | Ключевые слова | микроэкономика | ||
| a | Ключевые слова | оперативное прогнозирование | ||
| a | Ключевые слова | оперативное управление | ||
| a | Ключевые слова | опережающее управление | ||
| a | Ключевые слова | принятие решений | ||
| a | Ключевые слова | развитие предприятия | ||
| a | Ключевые слова | стратегическое управление | ||
| a | Ключевые слова | теория управления | ||
| a | Ключевые слова | теория фирмы | ||
| a | Ключевые слова | эффективность предприятия | ||
| 773 | 08 | t | Заглавие источника | РИСК: ресурсы, информация, снабжение, конкуренция |
| d | Дата издания источника | 2012 | ||
| g | Прочая информация | № 3. - С. 434 - 438 : табл. | ||
| w | Контрольный № источника | RU/IS/BASE/407439363 | ||
| 901 | t | Тип документа | b |